Visualizzazione normale
Vista MARC
- Cosma Vittorio
di Personal Name
Records bibliografici associati: 1
001 - CONTROL NUMBER
- control field: 8801
003 - CONTROL NUMBER IDENTIFIER
- control field: IT-RoPau
005 - DATE AND TIME OF LATEST TRANSACTION
- control field: 20140110164700.0
008 - FIXED-LENGTH DATA ELEMENTS
- fixed length control field: 140110|| aca||aabn | a|a d
040 ## - CATALOGING SOURCE
- Original cataloging agency: IT-RoPau
- Transcribing agency: IT-RoPau
100 ## - HEADING--PERSONAL NAME
- Personal name: Cosma Vittorio
- Miscellaneous information: Codice autore musica SPICS: 14411
- Relator term: Autore musica
- Name of part/section of a work: Les feuilles mortes
670 ## - SOURCE DATA FOUND
- Source citation: Work cat.: (IT-RoPau)100011: AA.VV. 794, Lady "Di" (Lp Pl 31638)